000 00833nam a2200265Ia 4500
003 OSt
005 20220918164135.0
006 a|||||r|||| 00| 0
007 ta
008 220917b |||||||| |||| 00| 0 eng d
020 _a041570035 (hbk)
024 _a234,701
037 _b115, 18/10/2007, Prachi Book Distributor
_cTextual
040 _aARTS
_cARTS
_beng
041 _2eng
_aeng
082 _aX:326.41, P6
100 _aGasriel Satyananda J.
_917328
245 0 _aChinese capitalism and modernist vision
260 _aLondon
_bRoutldage U. K.
_c2006
300 _axi, 189p.
_ccm.
490 _aRoutledge studies in the growth economies of Asia
650 _aECONOMICS
942 _hX:326.41, P6
_cTEXL
_2CC
999 _c123296
_d123296